Microsoft office access: complete edition. / (Record no. 1765)

MARC details
000 -LEADER
fixed length control field 00947nam a22001817a 4500
008 - FIXED-LENGTH DATA ELEMENTS--GENERAL INFORMATION
fixed length control field 120719t xxu||||| |||| 00| 0 eng d
020 ## - INTERNATIONAL STANDARD BOOK NUMBER
International Standard Book Number 007283434
050 ## - LIBRARY OF CONGRESS CALL NUMBER
Classification number QA76.9.D3 C83
100 ## - MAIN ENTRY--PERSONAL NAME
Personal name Coulthard, Glen J.
245 ## - TITLE STATEMENT
Title Microsoft office access: complete edition. /
Statement of responsibility, etc. Glen J. Coulthard and Sarah Hutchinson Clifford.
260 ## - PUBLICATION, DISTRIBUTION, ETC.
Place of publication, distribution, etc. Boston:
Name of publisher, distributor, etc. McGraw Hill,
Date of publication, distribution, etc. c2004.
300 ## - PHYSICAL DESCRIPTION
Extent xxiii, 718 + various pagings:
Other physical details ill.;
Dimensions 28cm.
500 ## - GENERAL NOTE
General note Includes index.
505 ## - FORMATTED CONTENTS NOTE
Formatted contents note Contents: Working with access 2003 -- Creating a database -- Organizing and retrieving data -- Presenting and managing data -- Working with tables -- Creating select queries -- Creating advanced queries -- Creating forms, reports, and pages -- Designing complex forms, reports, and pages -- Automating and extending -- Appendix: Introducing visual basic for applications.
650 ## - SUBJECT ADDED ENTRY--TOPICAL TERM
Topical term following geographic name entry element Microsoft office-access 2003.
700 ## - ADDED ENTRY--PERSONAL NAME
Personal name Clifford, Sarah Hutchinson
942 ## - ADDED ENTRY ELEMENTS (KOHA)
Source of classification or shelving scheme Library of Congress Classification
Koha item type Books
Holdings
Withdrawn status Lost status Source of classification or shelving scheme Damaged status Not for loan Home library Current library Shelving location Date acquired Total Checkouts Full call number Barcode Date last seen Copy number Price effective from Koha item type
    Library of Congress Classification     WISCONSIN INTERNATIONAL UNIVERSITY COLLEGE, GHANA - MAIN LIBRARY WISCONSIN INTERNATIONAL UNIVERSITY COLLEGE, GHANA - MAIN LIBRARY General Stacks 19/07/2012   QA76.9.D3 C83 5166/12 19/07/2012 1 19/07/2012 Books
    Library of Congress Classification     WISCONSIN INTERNATIONAL UNIVERSITY COLLEGE, GHANA - MAIN LIBRARY WISCONSIN INTERNATIONAL UNIVERSITY COLLEGE, GHANA - MAIN LIBRARY General Stacks 19/07/2012   QA76.9.D3 C831 5167/12 19/07/2012 2 19/07/2012 Books
    Library of Congress Classification     WISCONSIN INTERNATIONAL UNIVERSITY COLLEGE, GHANA - MAIN LIBRARY WISCONSIN INTERNATIONAL UNIVERSITY COLLEGE, GHANA - MAIN LIBRARY General Stacks 19/07/2012   QA76.9.D3 C832 5168/12 19/07/2012 3 19/07/2012 Books

If you have any concerns or questions; kindly contact the library


© Powered by WIUC ICT DIRECTORATE